000 00309nam a22001337a 4500
999 _c23244
_d23244
003 Nust
005 20170516113207.0
008 170404b xxu||||| |||| 00| 0 eng d
020 _a0070484775
040 _aDLC
_bDLC
_cRCMS
082 _a519.2 PAP
100 _aATHANASIOS PAPOULIS
_9295
245 _aPROBABILITY RANDOM VARIABLES AND STOCHASTIC PROCESSES
250 _a3rd, ed.
260 _aUSA
_bMCGRAW-HILL
_c1991
300 _ax,666,p
_bill:
_c27,cm.
538 _iShelf # 14, Row # 3, Communication. Shelf # 14, Row # 4, Communication.
650 _aElectrical engineering
_9208
856 _3Table of Content Only
942 _cBK
_2ddc